Statistics for Countries That Contain V

Click here to take the quiz!

General Stats

  • This quiz has been taken 137 times
  • The average score is 11 of 18

Answer Stats

Answer% Correct
Venezuela
97%
Vietnam
86%
Vanuatu
85%
Vatican City
82%
Tuvalu
67%
Slovenia
63%
Bolivia
62%
Slovakia
62%
St Vincent And The Grenadines
60%
Latvia
58%
Moldova
56%
Kosovo
48%
Bosnia And Herzegovina
47%
Maldives
47%
Cabo Verde
45%
St Kitts And Nevis
45%
El Salvador
38%
Côte d'Ivoire
37%

Score Distribution

Percentile by Number Answered

Percent of People with Each Score

Your Score History

You have not taken this quiz